Metodología para la incorporación y evaluación de la voz del cliente en el modelo de servicio de una empresa dedicada a la comercialización de productos de consumo masivo

Gespeichert in:
Bibliographische Detailangaben
1. Verfasser: Mena Corrales, Felipe Antonio, 1975-
Weitere Verfasser: Sanabria Perera, Ronald, 1969- Director del TFG
Format: Buch
Sprache:Spanish
Veröffentlicht: [San José, Costa Rica] 2004
Schlagworte:
Tags: Tag hinzufügen
Keine Tags, Fügen Sie den ersten Tag hinzu!

MARC

LEADER 00000nam a2200000Ia 4500
003 009460
005 20230919150404.0
008 140114s2004 cr a m 000 ||spa d
040 |c cru CEDI  
090 |a TFG 5001 
100 |a Mena Corrales, Felipe Antonio, 1975-  |9 1550 
245 |a Metodología para la incorporación y evaluación de la voz del cliente en el modelo de servicio de una empresa dedicada a la comercialización de productos de consumo masivo  
260 |a [San José, Costa Rica]  |c 2004 
300 |a  278, [45] hojas : ilustraciones, mapas color  
500 |a Proyecto de graduación (licenciatura en ingeniería industrial)--Universidad de Costa Rica. Facultad de Ingeniería. Escuela de Ingeniería Industrial 
501 |a Director de Proyecto de Graduación: Ing. Ronald Sanabria Perera 
610 0 |9 1552  |a CORPORACION MAS X MENOS (COSTA RICA) 
650 |x SERVICIO AL CLIENTE   |x CALIDAD DEL SERVICIO   |x SATISFACCION DEL CLIENTE   |x CONTROL DE CALIDAD   |x RELACIONES CON LOS CLIENTES  |9 6163 
700 |9 1551  |a  Sanabria Perera, Ronald, 1969-  |d Director del TFG  
942 |c CEDI 
999 |c 17422  |d 17422